| 000 | 01462 a2200205 4500 | ||
|---|---|---|---|
| 001 | 56780 | ||
| 005 | 20260407155831.0 | ||
| 008 | 260407a2006 arg spa d | ||
| 003 | AR-UNSa-BCEJYS | ||
| 040 |
_aAR-UNSa-BCEJYS _bspa _cAR-UNSa-BCEJYS |
||
| 080 |
_a330.567.28 _xEconomía y Finanzas de los particulares |
||
| 245 | 1 | 0 |
_aEl juego del Dinero _pPor qué los inversionista lentos pierden ¡ y el dinero rápido gana ! |
| 264 | 1 |
_aBuenos Aires : _bAguilar _c2006 |
|
| 300 |
_a366 p. _c24 cm. |
||
| 505 | _a1. ¿Cómo puedes convertir 10.000 dólares en diez millones, en diez años? – 2. ¿En qué debería invertir? – 3. Pregunta a un vendedor – 4. Pregunta al dueño de un rancho de ganado y luego a un granjero que produzca lácteos – 5. Pregunta a tu banquero – 6. Pregunta a tu agente de seguro – 7. Pregunta al hombre de los impuestos – 8. Pregunta a un periodista – 9. Pregunta a un apostador – 10. Pregunta a Newton – 11. Pregunta al padre Tiempo – 12. Pregunta a un inversionista – 13. Cuatro razones por las que algunas personas no pueden convertirse en inversionistas con poder – 14. El poder de las inversiones con poder – 15. Apostar en lugar de invertir – 16. Como encontrar excelentes inversiones – 17. Como ser un gran inversionista – 18. Conclusión: ¿ganador o perdedor? | ||
| 942 | _cBK | ||
| 590 | _aniveau_biblio:m niveau_hierar:0 | ||
| 100 | 1 | _aKiyosaki, Robert T. | |
| 700 | 1 | _aRovine, Maria Andrea | |
| 999 |
_c6044 _d6044 |
||